• 首页
  • 本馆介绍
  • 公告通知
  • 最新文献
  • 馆藏检索
  • 电子资源
  • 读者导购
  • 参考咨询
  • 我的图书馆
  • 登录
  • 详细信息显示
  • 放入我的书架
  • 预约/预借图书
  • 作者相关作品
  • 分类相关作品
  • 丛书相关作品
  • 出版社相关作品

书目信息

  • 表格格式
  • 工作单格式
  • 卡片格式
题名:
中国蚕桑、丝织的产生、发展与西传
    
 
作者: 杨群章, 著
分册:  
出版信息: 南昌   江西教育出版社  2018
页数: 180页
开本: 24cm
丛书名:
单 册:
中图分类: TS145
科图分类:
主题词: 桑蚕丝--sang can si--丝织工艺--介绍--中国
电子资源:
ISBN: 978-7-5705-0769-6
000 01088nam0 2200265 450
001 012001003693
005 20131105110636.0
010    @a978-7-5705-0769-6@dCNY58.00
099    @aCAL 012019109207
100    @a20190530d2018 em y0chiy50 ea
101 0  @achi
102    @aCN@b360000
105    @aa z 000yy
106    @ar
200 1  @a中国蚕桑、丝织的产生、发展与西传@Azhong guo can sang 、 si zhi de chan sheng 、 fa zhan yu xi chuan@f杨群章著
210    @a南昌@c江西教育出版社@d2018
215    @a180页@c图@d24cm
300    @a国家“十三五”重点出版规划项目
314    @a杨群章, 复旦大学世界史专业研究生毕业。
330    @a本书根据考古资料、文献记载和专家学者的研究成果, 讲述了中国蚕桑、丝织的产生、发展和外传历程, 论述了蚕桑、丝织产业对“丝绸之路”的建设, 促进中国的经济社会发展和与世界的商贸往来, 沟通东西方文化的桥梁, 传播中华文明, 促进东西方经济文化交流所起的重要作用。
606 0  @a桑蚕丝@Asang can si@x丝织工艺@x介绍@y中国
690    @aTS145@v5
701  0 @a杨群章,@Ayang qun zhang@f1931-@4著
801  0 @aCN@b上海新华@c20191020
905    @b1206294-7@dTS145@e15@f4
    
    中国蚕桑、丝织的产生、发展与西传/杨群章著.-南昌:江西教育出版社,2018
    180页:图;24cm
    国家“十三五”重点出版规划项目
    
    ISBN 978-7-5705-0769-6:CNY58.00
    本书根据考古资料、文献记载和专家学者的研究成果, 讲述了中国蚕桑、丝织的产生、发展和外传历程, 论述了蚕桑、丝织产业对“丝绸之路”的建设, 促进中国的经济社会发展和与世界的商贸往来, 沟通东西方文化的桥梁, 传播中华文明, 促进东西方经济文化交流所起的重要作用。
●
相关链接 在E读中查询图书 在五车中查询图书 在当当中查询图书 在豆瓣中查询图书


正题名:中国蚕桑、丝织的产生、发展与西传     索取号:TS145/15         预约/预借

序号 登录号 条形码 馆藏地/架位号 状态 备注
1 1206294   212062943   第二样本阅览室/ [索取号:TS145/15] 在馆    
2 1206295   212062952   第三借阅区/ [索取号:TS145/15] 在馆    
3 1206296   212062961   第三借阅区/ [索取号:TS145/15] 在馆    
4 1206297   212062970   第三借阅区/ [索取号:TS145/15] 在馆    
唐山师范学院图书馆 欢迎您!
大连网信软件有限公司© 版权所有